00225nam a22000857a 4500040000700000082000800007100002900015245006900044260002600113 cSK a123 aFISHERIES ADMINISTRATION aGender mainstreaming policy and strategy in the fisheries sector aPhnom PenhbFISc2007